Quizzes
Events
Quiz Creation
Community
Videos
Private Events
Remove Ads
Sign In
Join for FREE
Feedback
Dark Mode
Quiz Categories
Sports
Geography
Music
Movies
Television
Just For Fun
Miscellaneous
History
Literature
Language
Science
Gaming
Entertainment
Religion
Holiday
For Kids
Quiz Lab
Recent
Popular Today
Quiz Kudos Today
Editor Picks
Curator Picks
Quizzes by...
Day
Popularity
Type
Ratings
Length
Year
Community
Subscriptions
Recent Discussions
Orange Saloon
Badges
Playlists
Quests
Create
Leaderboards
Showdown
Live 5
Trivia Bingo
Activity
Puzzle Library
Sporcle Events
Private Events
Virtual Trivia
Globe League
Become a Host
Pub Owners
SporcleCon
Opinionation
Our Games
Videos
Blog
Mobile Apps
Partnerships
Remove Ads and Go Orange
Feedback
History
US Presidents
World Leaders
Politics
Nation
Discovery
War
Decade
Year
Century
Biography
Art
History
US Presidents
World Leaders
Politics
Nation
Discovery
War
Decade
Year
Century
Biography
Art
Random Quiz
Search Sporcle
×
Quiz Lab
Quiz Lab
History
Letter
Type in answers that appear in a list
Type in answers that appear in a list
Classic
Best Score? Go Orange.
Romanovs ABC Stats
Can you name the Romanov terms by letter?
By
Gorcle
10m
25 Questions
448 Plays
448 Plays
448 Plays
Comments
Comments
Give Quiz Kudos
Give Quiz Kudos
-
- Ratings
hide this ad
Replay
Link that replays current quiz
Next Quiz
Link to next quiz in quiz playlist
You Got
0%
They Got
Avg Score
70%
Avg Friend Score
Upgrade to see
Score Distribution
Jump to the score distribution portion of the page
Score
0/25
Timer
10:00
0
Plays Today
Starts with
Answer
% Correct
A
Anastasia
96.9%
N
Nicholas
92.4%
J
July
91.5%
E
English
90.6%
R
Rasputin
90.2%
O
Olga
89.9%
M
Maria
89.7%
G
Germany
89.5%
V
Victoria
87%
T
Tatiana
86.8%
H
hemophilia
85.7%
Q
queen
81%
L
Lenin
80.5%
Starts with
Answer
% Correct
W
Winter Palace
70.5%
D
Duma
70.2%
F
Faberge
68.2%
B
Bloody Sunday
67.8%
Y
Yekaterinburg
56.8%
U
United Kingdom
56.4%
C
Crimea
53.9%
I
Ipatiev
50.1%
S
Standart
45%
K
kidney disease
38.9%
P
propaganda
15.9%
Z
zemstvos
10.3%
Quiz Playlist
Details
Report
Send in Message
Add To Playlist
Classic:
Type in answers that appear in a list
Last Updated: Feb 16, 2017
Quiz Scoreboard
CHALLENGE
Sign Up to Join the Scoreboard
Show All
Scores
Hide
Comments
May contain spoilers
Recently Published
Movies - When Are They Set?
by FPL_Elf
Movies
5m
Popular People in 1961
by mucciniale
History
6m
1-10 Letter E Words III
by El_Dandy
Language
2m
More to Explore
Quiz From the Vault
Featured Blog Post
Where Did the Easter Bunny Come From?
hide this ad
You Might Also Like...
Tags
Letter Quiz
ABC
Romance
Romanov
start
Term
Today's Top Quizzes in History
Browse History
hide this ad
Today's Top Quizzes in Letter
Browse Letter
Top Contributed Quizzes in History
1
Popular People in 1991
2
Popular People in 1981
3
Popular People in 1951
4
Popular People in 1941
5
Popular People in 1986
6
Popular People in 1921
7
Popular People in 1976
8
I Am Born On March 28th
9
Popular People in 1946
10
Popular People in 1936
Explore More
Trending Topics
Harry Potter
Kpop
Crossword
Marvel
NBA
Disney
Anime
Soccer
Pokémon
WWE
NFL
Song
The Office
Country
Puzzle
hide this ad
More By:
Gorcle
Quiz
Plays
Rating
Category
Featured
Created
Swimming Terms A-Z, no X
1,334
1.50
Sports
Apr 11, 2010
Romanovs ABC
448
3.80
History
Apr 19, 2010
Nicknames of Famous People
416
4.00
History
Apr 11, 2010
Ends in -ple
381
3.88
Language
May 7, 2010
Colin Firth movies
293
1.00
Movies
May 10, 2010
Go to Creator's Profile
Score Distribution
Quiz Creator Spotlight
Gorcle
Follow
Send a Message
Quizzes Created
-
Created Quiz Play Count
-
More By This Creator
Popular Quizzes Today
1
Find the US States - No Outlines Minefield
2
Find the Countries of Europe - No Outlines Minefield
3
The Countries of the World
4
Popular People in 1961
5
1-10 Letter E Words III
6
US States
7
Find the US States
8
One Thing in Common: World Cities II
More History Quizzes
History Fast Facts: Philippines
Quiz Lab
Trending Quizzes
Risky Map Clicking: Least Populous States A-Z
1-10 Letter F Words
Humor Books: The Subtitles
1-10 Letter G Words
One Thing in Common: United Kingdom
Recently Updated
Leaping Animals
pecheneg
Reality TV Shows (A-Z)
bhenderson79
Rickey Henderson's Hall of Fame Teammates
pecheneg
Champions League XIs: Arsenal
pecheneg
Quick Pick: Celebrities in WWE's Hall of Fame
aduchscher
A-Z Keypad Blitz II
pecheneg
Multiple Oscar Actors
pecheneg
Mystery Phrase Blitz: Oscar 'Best Actors'
pecheneg
F. Scott Fitzgerald Novels
LTH
Pick 3 Villains
ddd62291
Trending Topics
Marvel
Harry Potter
Kpop
NBA
Disney
Anime
Crossword
Pokémon
Song
WWE
NFL
Puzzle
The Office
Soccer
Country
Your Account Isn't Verified!
In order to create a playlist on Sporcle, you need to verify the email address you used during registration. Go to your
Sporcle Settings
to finish the process.
Report this User
Report this user for behavior that violates our
Community Guidelines
.
Details:
Send Report
Go to the Sporcle.com Mobile Site →
Comments